Les personnages du film Les Gardiens de la Galaxie Vol.2 - #15 - Statistiques

Statistiques générales
  • Ce quiz a été pris 19 fois
  • Le résultat moyen est 10 sur 14
Statistiques - réponses
Réponse % Correct
Drax
100%
Gamora
100%
Groot
100%
Peter Quill / Star Lord
100%
Rocket
100%
Nébula
94%
Ego
88%
Mantis
88%
Kraglin
50%
Taserface
50%
Yondu Udonta
38%
Ayesha
31%
Le Grand Maître
13%
Stakar Ogord
13%
Aucun quiz correspondant
Distribution des résultats
% des personnes avec chaque résultat
Percentile par nombre de réponses
Votre historique - résultats
Vous n’avez pas pris ce quiz